Normal view
MARC view
- الخلق- السمعيات- الروح- الموت-يوم القيامة- الجن- الشياطين
Entry Topical Term
001 - CONTROL NUMBER
- control field: 39872
003 - CONTROL NUMBER IDENTIFIER
- control field: JO-AjAnu
005 - DATE AND TIME OF LATEST TRANSACTION
- control field: 20230606080628.0
008 - FIXED-LENGTH DATA ELEMENTS
- fixed length control field: 230606|| aca||aabn | a|a d
040 ## - CATALOGING SOURCE
- Original cataloging agency: JO-AjAnu
- Transcribing agency: JO-AjAnu
150 ## - HEADING--TOPICAL TERM
- Topical term or geographic name entry element: الخلق- السمعيات- الروح- الموت-يوم القيامة- الجن- الشياطين
670 ## - SOURCE DATA FOUND
- Source citation: Work cat.: (JO-AjAnu)20443: راضي، علي عبد الجليل, author 39871, العالم غير المنظور : بحث شامل في الروح والإنسان والموت ، قصة الخلق والملائكة والجن والجنة والنار على ضوء أحدث النظريات العلمية